00409 2200169 4500001002100000005001700021035002500038090001800063100001300081245003100094250001100125260004100136300002600177850001200203990001200215990001200227YOGYA00000000003256220150312155317.0 a0010-081400000032280 a001.642 Mur A aMurniadi aAplikasi FontasycMurniadi aCet. 3 aJakartabElex Media Komputindoc1990 aviii, 96 hlm.b21 cm. aYOPDYOG a14796-B a14797-B